| 000 | 00000nam 2200000za 4500 |
| 001 | 9.674548 |
| 003 | CaOODSP |
| 005 | 20250327133257 |
| 007 | cr ||||||||||| |
| 008 | 150407|2007||||xxc|||||o f|0| 0 iku d |
| 020 | |a978-0-662-02933-5 |
| 040 | |aCaOODSP|bfre |
| 043 | |an-cn--- |
| 086 | 1 |aH34-166/1-2007Iku2-PDF|zH34-166/1-2007S-PDF |
| 110 | 1 |aCanada. |bSanté Canada. |
| 245 | 14|a[Une grossesse en santé] |h[ressource électronique]. |
| 250 | |a[Édition inuktitut]. |
| 260 | |aOttawa - Ontario : |bSanté Canada |c[2007]. |
| 300 | |a12p.|bphotographies |
| 500 | |aLe n° de catalogue (H34-166/1-2007S) et l’ISBN (978-0-662-02920-5) de l'édition imprimée ont été incorrectement copiés dans l’édition électronique. |
| 546 | |aTexte en inuktitut. |
| 590 | |a09-09|b2009-02-27 |
| 691 | 07|aGrossesse|2gcpds |
| 691 | 07|aAutochtones|2gcpds |
| 776 | 0#|tHealthy pregnancy |w(CaOODSP)9.668359 |
| 791 | |t[Healthy pregnancy] |eeng|w(CaOODSP)9.674547 |
| 856 | 40|ahttp://publications.gc.ca|qPDF|s1179 Ko|uhttps://publications.gc.ca/collections/collection_2008/hc-sc/H34-166-1-2007S.pdf |